Normal view
MARC view
Entry Topical Term
001 - CONTROL NUMBER
- control field: 49769
003 - CONTROL NUMBER IDENTIFIER
- control field: OSt
005 - DATE AND TIME OF LATEST TRANSACTION
- control field: 20250107121927.0
008 - FIXED-LENGTH DATA ELEMENTS
- fixed length control field: 250107|| aca||aabn | a|a d
040 ## - CATALOGING SOURCE
- Original cataloging agency: OSt
- Transcribing agency: OSt
150 ## - HEADING--TOPICAL TERM
- Topical term or geographic name entry element: Organization design, Project-based organization, Project-oriented organization, Logic multiplicity, Project management, Office, Portfolio, Program, Organizational architecture, Conceptual.
670 ## - SOURCE DATA FOUND
- Source citation: Work cat.: (OSt): Miterev, Maxim 49768, Raison d'etre of organization design arrangements in project-based organizations
